• 首页
  • 本馆介绍
  • 公告通知
  • 最新文献
  • 馆藏检索
  • 电子资源
  • 读者导购
  • 参考咨询
  • 我的图书馆
  • 登录
  • 详细信息显示
  • 放入我的书架
  • 预约/预借图书
  • 作者相关作品
  • 分类相关作品
  • 丛书相关作品
  • 出版社相关作品

书目信息

  • 表格格式
  • 工作单格式
  • 卡片格式
题名:
地震和防震浅话
    
 
作者: 蒋振立 , 刘志法 主编
分册:  
出版信息: 上海   上海科学普及出版社  1999.4
页数: 191页
开本: 32开
丛书名:
单 册:
中图分类: P315.9
科图分类:
主题词: 岩石--物理学 , 固体地球物理学
电子资源:
ISBN: 7-5427-1652-2
000 00641nam0 2200217 45
001 0103140933
005 20031219104048.7
010    @a7-5427-1652-2@dCNY10.00
100    @a20010314d1999 km y0chiy0120 ea
101 0  @achi
105    @a z 000yy
200 1  @a地震和防震浅话@ADi Zhen He Fang Zhen Qian Hua@f蒋振立,刘志法主编@FJiang Zhen Li,Liu Zhi Fa Zhu Bian
210    @a上海@c上海科学普及出版社@d1999.4
215    @a191页@c冠图@d32开
606 0  @a岩石@x物理学
606 0  @a固体地球物理学
690    @aP315.9@v3
701  0 @a蒋振立@4主编
701  0 @a刘志法@4主编
801    @aCN@bTSTC@c20010314
905    @b295594-596@dP315.9@e44@f3
    
    地震和防震浅话/蒋振立,刘志法主编.-上海:上海科学普及出版社,1999.4
    191页:冠图;32开
    
    
    ISBN 7-5427-1652-2:CNY10.00
    
●
相关链接 在E读中查询图书 在五车中查询图书 在当当中查询图书 在豆瓣中查询图书


正题名:地震和防震浅话     索取号:P315.9/44         预约/预借

序号 登录号 条形码 馆藏地/架位号 状态 备注
1 0295594   002955948   第三借阅区/ [索取号:P315.9/44] 在馆    
2 0295595   002955966   第三借阅区/ [索取号:P315.9/44] 在馆    
3 0295596   002955957   第二样本阅览室/ [索取号:P315.9/44] 在馆    
唐山师范学院图书馆 欢迎您!
大连网信软件有限公司© 版权所有